000 01386nabaa22002177a 4500
999 _c6179
_d6179
003 OSt
005 20260124233709.0
008 190701b xxu||||| |||| 00| 0 spa d
040 _cPJ
100 _96920
_aAcevedo, Fernando
245 1 0 _aMarco regulatorio y contractual de la industria de dragado fluvial y marítimo en Argentina /
_cFernando Acevedo, José Francisco Lago Rodríguez.
300 _ap. 3-20
500 _aCita: TR LALEY AR/DOC/1649/2024
505 _aSumario: I. Nociones básicas sobre las obras de dragado.— II. Importancia de las obras de dragado para Argentina.— III. Ámbitos de ejecución de obras de dragado. La situación de los puertos y la sanción de la ley 24.093.— IV. Ámbitos de ejecución de obras de dragado. Referencia al dominio y jurisdicción sobre las aguas.— V. Regulaciones en torno a la bandera de las dragas.— VI. Regulación ambiental.— VII. Aspectos contractuales.— VIII. Situación de la hidrovía Paraná-Paraguay.— IX. Conclusiones.
505 _t¿Te interesa el texto completo? Comunicate al correo: koha@justierradelfuego.gov.ar
650 0 _9211
_aDERECHO ADMINISTRATIVO
650 0 _aTRANSPORTE FLUVIAL
700 _96921
_aLago Rodríguez, José Francisco
773 0 _02842
_93251
_dBuenos Aires : AbeledoPerrot, 2012-
_oDA121
_tDerecho administrativo. Nº 154 julio/agosto 2024
_z18510590
942 _2udc
_cANA